[Event "Speed Chess Q1"]
[Site "Chess.com INT"]
[Date "2022.11.10"]
[Round "4"]
[White "Runets, Ivan"]
[Black "Kravtsiv, Martyn"]
[Result "0-1"]
[WhiteElo "2176"]
[BlackElo "2598"]
[PlyCount "62"]
[EventDate "2022.11.10"]
[EventType "swiss (blitz)"]
[EventRounds "14"]
[EventCountry "USA"]
[SourceTitle "CBM 211 Extra"]
[Source "ChessBase"]
[SourceDate "2023.01.31"]
[SourceVersion "1"]
[SourceVersionDate "2023.01.31"]
[SourceQuality "1"]

1. d4 d5 2. c4 e6 3. Nc3 Bb4 4. Qa4+ Nc6 5. e3 Nf6 6. Nf3 0-0 7. Bd2 Re8 8. Qc2 Bf8 9. Bd3 Nb4 10. Qb1 Nxd3+ 11. Qxd3 b6 12. cxd5 exd5 13. 0-0 Bd6 14. Rfc1 Bg4 15. Ne2 Ne4 16. Ng3 Qd7 17. Be1 h6 18. Rc2 Nxg3 19. hxg3 Bf5 20. Qb3 Bxc2 21. Qxc2 Rac8 22. Qb3 Qe6 23. Rd1 a5 24. a4 Red8 25. Bc3 Rb8 26. Qb5 Qe8 27. Qb3 b5 28. Bxa5 bxa4 29. Qc2 Qb5 30. Bc3 Qb3 31. Qf5 Qxd1+ 0-1

[Event "Speed Chess Q1"]
[Site "Chess.com INT"]
[Date "2022.11.10"]
[Round "1"]
[White "Runets, Ivan"]
[Black "Shimanov, Aleksandr"]
[Result "1-0"]
[WhiteElo "2176"]
[BlackElo "2581"]
[PlyCount "89"]
[EventDate "2022.11.10"]
[EventType "swiss (blitz)"]
[EventRounds "14"]
[EventCountry "USA"]
[SourceTitle "CBM 211 Extra"]
[Source "ChessBase"]
[SourceDate "2023.01.31"]
[SourceVersion "1"]
[SourceVersionDate "2023.01.31"]
[SourceQuality "1"]

1. d4 Nf6 2. c4 g6 3. Nf3 Bg7 4. e3 0-0 5. Be2 d6 6. 0-0 c5 7. b3 e6 8. Bb2 b6 9. Nc3 Bb7 10. Rc1 Qe7 11. Qc2 a6 12. Rfd1 Nbd7 13. h3 Rac8 14. Qb1 Rfe8 15. Rd2 cxd4 16. Nxd4 Nc5 17. Bf3 Red8 18. Rcd1 d5 19. cxd5 exd5 20. Rc1 Nfe4 21. Nxe4 dxe4 22. Be2 Qg5 23. Rdc2 Ra8 24. Rd1 Nd3 25. Ba1 Rac8 26. Rxc8 Rxc8 27. Bf1 Be5 28. Ne2 Qf6 29. Bxe5 Qxf2+ 30. Kh1 Nxe5 31. Qb2 Nf3 32. Qf6 Rf8 33. gxf3 exf3 34. Nf4 Qg3 35. Nd5 h5 36. Ne7+ Kh7 37. Nd5 Kg8 38. e4 f2 39. Bg2 Kh7 40. Qd4 g5 41. Nf6+ Kg6 42. Qd6 Qxd6 43. Rxd6 Kg7 44. Nd5 f5 45. e5 1-0

[Event "Titled Tuesday intern op 25th Oct Late"]
[Site "Chess.com INT"]
[Date "2022.10.25"]
[Round "3"]
[White "Runets, Ivan"]
[Black "Gatterer, Florian"]
[Result "1-0"]
[WhiteElo "2176"]
[BlackElo "2167"]
[PlyCount "73"]
[EventDate "2022.10.25"]
[EventType "swiss (blitz)"]
[EventRounds "11"]
[EventCountry "USA"]
[SourceTitle "EXT 2024"]
[Source "ChessBase"]
[SourceDate "2023.10.10"]
[SourceVersion "1"]
[SourceVersionDate "2023.10.10"]
[SourceQuality "1"]

1. d4 Nf6 2. c4 e6 3. Nc3 Bb4 4. e3 0-0 5. Bd3 d5 6. Nge2 dxc4 7. Bxc4 c5 8. 0-0 cxd4 9. exd4 b6 10. Bg5 Be7 11. Rc1 Bb7 12. a3 h6 13. Bh4 Nbd7 14. Bg3 a6 15. Ba2 Rc8 16. Nf4 Ne4 17. Nxe4 Rxc1 18. Qxc1 Bxe4 19. Re1 Bf5 20. d5 e5 21. Ne2 Bc5 22. b4 Bd6 23. Nc3 Qc8 24. Qe3 Re8 25. Ne4 Bxe4 26. Qxe4 Qd8 27. Bb1 g6 28. Qd3 b5 29. h4 f5 30. h5 e4 31. Qc3 f4 32. Bh2 e3 33. fxe3 Qg5 34. Bxg6 Re7 35. exf4 Rxe1+ 36. Qxe1 Bxf4 37. Qe6+ 1-0

[Event "Titled Tuesday intern op 27th Sep Late"]
[Site "Chess.com INT"]
[Date "2022.09.27"]
[Round "7"]
[White "Rios Escobar, Adan"]
[Black "Runets, Ivan"]
[Result "0-1"]
[WhiteElo "2276"]
[BlackElo "2176"]
[PlyCount "54"]
[EventDate "2022.09.27"]
[EventType "swiss (blitz)"]
[EventRounds "11"]
[EventCountry "USA"]
[SourceTitle "CBM 210 Extra"]
[Source "ChessBase"]
[SourceDate "2022.11.30"]
[SourceVersion "1"]
[SourceVersionDate "2022.11.30"]
[SourceQuality "1"]

1. d4 Nf6 2. g3 e6 3. c4 d5 4. Bg2 Be7 5. Nf3 0-0 6. 0-0 dxc4 7. Qc2 a6 8. a4 Bd7 9. Rd1 Bc6 10. Nc3 a5 11. e4 Na6 12. Ne5 Nb4 13. Qe2 Be8 14. Nxc4 c6 15. Bf4 b5 16. Ne5 Qb6 17. Be3 Qb7 18. b3 Nd7 19. Nxd7 Qxd7 20. d5 cxd5 21. Nxd5 exd5 22. exd5 Bd6 23. Be4 f5 24. Bb1 bxa4 25. bxa4 Bf7 26. Bd4 Rfe8 27. Qh5 Bxh5 0-1

[Event "Titled Tuesday intern op 27th Sep Late"]
[Site "Chess.com INT"]
[Date "2022.09.27"]
[Round "8"]
[White "Runets, Ivan"]
[Black "Aguilar, Juan"]
[Result "0-1"]
[WhiteElo "2176"]
[BlackElo "2254"]
[PlyCount "60"]
[EventDate "2022.09.27"]
[EventType "swiss (blitz)"]
[EventRounds "11"]
[EventCountry "USA"]
[SourceTitle "CBM 210 Extra"]
[Source "ChessBase"]
[SourceDate "2022.11.30"]
[SourceVersion "1"]
[SourceVersionDate "2022.11.30"]
[SourceQuality "1"]

1. d4 Nf6 2. c4 g6 3. Nc3 d5 4. Bg5 Ne4 5. Nxe4 dxe4 6. Qd2 Bg7 7. e3 c5 8. Ne2 Nc6 9. d5 Ne5 10. Nc3 f5 11. h3 0-0 12. Be2 h6 13. Bf4 a6 14. 0-0 e6 15. Rfd1 exd5 16. Qxd5+ Qxd5 17. Rxd5 Nd3 18. Bxd3 exd3 19. Rxd3 Be6 20. b3 b5 21. cxb5 axb5 22. Rc1 c4 23. bxc4 Bxc4 24. Rd2 Rfd8 25. Rxd8+ Rxd8 26. a4 b4 27. Nb5 Bd3 28. Rd1 b3 29. Bc7 Rd7 30. Bb6 Bxb5 0-1

[Event "Titled Tuesday intern op 27th Sep Late"]
[Site "Chess.com INT"]
[Date "2022.09.27"]
[Round "4"]
[White "Runets, Ivan"]
[Black "Alexikov, Alexander"]
[Result "0-1"]
[WhiteElo "2176"]
[BlackElo "2223"]
[PlyCount "146"]
[EventDate "2022.09.27"]
[EventType "swiss (blitz)"]
[EventRounds "11"]
[EventCountry "USA"]
[SourceTitle "CBM 210 Extra"]
[Source "ChessBase"]
[SourceDate "2022.11.30"]
[SourceVersion "1"]
[SourceVersionDate "2022.11.30"]
[SourceQuality "1"]

1. d4 Nf6 2. c4 g6 3. Nc3 Bg7 4. e4 d6 5. h3 0-0 6. Be3 c6 7. Bd3 a6 8. a4 a5 9. Nge2 Na6 10. g4 e5 11. d5 Nb4 12. Bb1 h5 13. f3 Nd7 14. gxh5 Qh4+ 15. Bf2 Qxh5 16. Ng3 Qg5 17. h4 Qf4 18. Ra3 Nc5 19. Nce2 Qf6 20. h5 g5 21. Be3 Bh6 22. Qd2 Kh8 23. Nf5 Bxf5 24. exf5 cxd5 25. cxd5 Rac8 26. Ng3 Rg8 27. Rg1 Qd8 28. Ne4 Nxe4 29. Bxe4 f6 30. Rc3 Qd7 31. Kf2 Qxa4 32. Rgc1 Rxc3 33. bxc3 Na6 34. Rb1 Qd7 35. Qa2 a4 36. Bc2 Rc8 37. Bxa4 Qf7 38. Qb3 Rc7 39. Bb6 Rc8 40. Be3 Rc7 41. Rh1 Nc5 42. Bxc5 Rxc5 43. c4 Ra5 44. Bb5 Qc7 45. Qe3 Ra2+ 46. Kg3 Kh7 47. Rh2 g4 48. Qxh6+ Kxh6 49. Rxa2 gxf3 50. Kxf3 Qc5 51. Rg2 Qd4 52. Rg6+ Kxh5 53. Rxf6 e4+ 54. Kf4 Qe5+ 55. Ke3 Qxf6 56. Kxe4 Qe5+ 57. Kd3 Qxf5+ 58. Kc3 Qe5+ 59. Kb4 Qd4 60. Ka5 Qc5 61. Ka4 Kg5 62. Ka5 Kf4 63. Ka4 Ke3 64. Kb3 Kd2 65. Ba4 Kd3 66. Bb5 Qb6 67. Kb4 Qc5+ 68. Kb3 Kd2 69. Ba4 Ke3 70. Bb5 Kd4 71. Ka4 Kc3 72. Ka5 Qa7+ 73. Ba6 Qxa6# 0-1

[Event "Titled Tuesday intern op 27th Sep Early"]
[Site "Chess.com INT"]
[Date "2022.09.27"]
[Round "9"]
[White "Runets, Ivan"]
[Black "Jones, Daniel"]
[Result "1-0"]
[WhiteElo "2176"]
[BlackElo "1924"]
[PlyCount "87"]
[EventDate "2022.09.27"]
[EventType "swiss (blitz)"]
[EventRounds "11"]
[EventCountry "USA"]
[SourceTitle "CBM 210 Extra"]
[Source "ChessBase"]
[SourceDate "2022.11.30"]
[SourceVersion "1"]
[SourceVersionDate "2022.11.30"]
[SourceQuality "1"]

1. d4 Nf6 2. c4 e6 3. Nc3 Bb4 4. Qc2 c5 5. dxc5 Nc6 6. Nf3 Bxc5 7. Bg5 h6 8. Bh4 Nd4 9. Nxd4 Bxd4 10. e3 Bc5 11. Be2 Be7 12. 0-0 0-0 13. Rfd1 a6 14. Rd2 b6 15. Bf3 Ra7 16. Rad1 Ne8 17. Bg3 Bf6 18. Bb8 Rb7 19. Bxb7 Bxb7 20. Bg3 Bc6 21. b4 Qa8 22. f3 d5 23. cxd5 Bxc3 24. Qxc3 Bxd5 25. e4 Qc6 26. Rc1 Qxc3 27. Rxc3 Ba8 28. Rc8 Bb7 29. Rb8 Bc6 30. Rxb6 Bb5 31. Rd8 Nf6 32. Rbb8 Rxd8 33. Rxd8+ Kh7 34. Kf2 Nd7 35. Ke3 Nb6 36. Kd4 f6 37. Rd6 e5+ 38. Kc3 Nc4 39. Re6 Ne3 40. a4 Bxa4 41. Rxa6 Bb5 42. Ra5 Bf1 43. b5 Nxg2 44. b6 1-0

[Event "Titled Tuesday intern op 27th Sep Early"]
[Site "Chess.com INT"]
[Date "2022.09.27"]
[Round "8"]
[White "Sanchez, Roberto Daniel"]
[Black "Runets, Ivan"]
[Result "0-1"]
[WhiteElo "1966"]
[BlackElo "2176"]
[PlyCount "70"]
[EventDate "2022.09.27"]
[EventType "swiss (blitz)"]
[EventRounds "11"]
[EventCountry "USA"]
[SourceTitle "CBM 210 Extra"]
[Source "ChessBase"]
[SourceDate "2022.11.30"]
[SourceVersion "1"]
[SourceVersionDate "2022.11.30"]
[SourceQuality "1"]

1. e4 c5 2. Nf3 e6 3. d4 cxd4 4. Nxd4 Nf6 5. Nc3 d6 6. Be3 a6 7. f3 b5 8. Qd2 Bb7 9. 0-0-0 Nbd7 10. g4 Nb6 11. g5 Nfd7 12. Bd3 b4 13. Nce2 d5 14. Kb1 Ne5 15. Qe1 Nxd3 16. cxd3 Be7 17. h4 a5 18. e5 Ba6 19. Nc6 Qc7 20. Nxe7 Kxe7 21. Rc1 Bxd3+ 22. Ka1 Nc4 23. Nf4 Bf5 24. Bd4 Qb7 25. Bc5+ Kd7 26. Qd1 Qb5 27. Bd4 Rhc8 28. h5 a4 29. g6 fxg6 30. hxg6 h6 31. Rh5 Rf8 32. Nd3 Bxd3 33. Qxd3 b3 34. a3 Nxa3 35. Qxb5+ Nxb5 0-1

[Event "Titled Tuesday intern op 20th Sep Early"]
[Site "Chess.com INT"]
[Date "2022.09.20"]
[Round "6"]
[White "Runets, Ivan"]
[Black "Alexikov, Alexander"]
[Result "1-0"]
[WhiteElo "2176"]
[BlackElo "2223"]
[PlyCount "81"]
[EventDate "2022.09.20"]
[EventType "swiss (blitz)"]
[EventRounds "11"]
[EventCountry "USA"]
[SourceTitle "EXT 2023"]
[Source "ChessBase"]
[SourceDate "2022.10.05"]
[SourceVersion "1"]
[SourceVersionDate "2022.10.05"]
[SourceQuality "1"]

1. d4 Nf6 2. c4 g6 3. Nc3 Bg7 4. e4 d6 5. h3 0-0 6. Be3 Na6 7. g4 c5 8. d5 e6 9. Nge2 exd5 10. cxd5 b5 11. Ng3 b4 12. Na4 Qa5 13. Bc4 Re8 14. f3 Nd7 15. Rc1 Nb6 16. Nxb6 axb6 17. Qe2 Bd7 18. b3 b5 19. Bd3 Nc7 20. Rc2 Re7 21. Bg5 Ree8 22. Be3 Bc3+ 23. Kf2 Re7 24. Bf4 Ra6 25. Qd1 Qb6 26. Kg2 Qa7 27. Qb1 Ne8 28. h4 Nf6 29. h5 c4 30. bxc4 Qd4 31. Rd1 Nxg4 32. fxg4 Bxg4 33. Be2 Qf6 34. Qc1 Bxe2 35. Rxe2 bxc4 36. Bg5 Qe5 37. Bxe7 Qxe7 38. Rf1 Qh4 39. hxg6 hxg6 40. Qf4 Qe7 41. Qf3 1-0

[Event "Titled Tuesday intern op 20th Sep Early"]
[Site "Chess.com INT"]
[Date "2022.09.20"]
[Round "2"]
[White "Runets, Ivan"]
[Black "Avazkhonov, Alikhon"]
[Result "0-1"]
[WhiteElo "2176"]
[BlackElo "1538"]
[PlyCount "156"]
[EventDate "2022.09.20"]
[EventType "swiss (blitz)"]
[EventRounds "11"]
[EventCountry "USA"]
[SourceTitle "EXT 2023"]
[Source "ChessBase"]
[SourceDate "2022.10.05"]
[SourceVersion "1"]
[SourceVersionDate "2022.10.05"]
[SourceQuality "1"]

1. d4 Nf6 2. c4 e6 3. Nc3 Bb4 4. e3 b6 5. Bd3 Bb7 6. f3 0-0 7. Nge2 d6 8. 0-0 Nbd7 9. e4 e5 10. d5 a5 11. Bg5 h6 12. Bh4 Bc5+ 13. Kh1 Be3 14. Ng3 Nc5 15. Nf5 Bg5 16. Bxg5 hxg5 17. Qd2 g6 18. Ng3 Nh5 19. Nxh5 gxh5 20. Ne2 Qf6 21. Bc2 h4 22. b3 Kg7 23. a3 Bc8 24. b4 Nb7 25. h3 Bd7 26. Bd3 Qg6 27. Nc3 Rfb8 28. Rfc1 f6 29. Nb5 Rc8 30. Ra2 Qe8 31. Nc3 Nd8 32. Nd1 axb4 33. axb4 Nf7 34. Rca1 Nh8 35. Ne3 Ng6 36. Bf1 Nf4 37. Qc3 Nh5 38. c5 Ng3+ 39. Kg1 Rxa2 40. Rxa2 Ra8 41. Rxa8 Qxa8 42. cxd6 cxd6 43. Qc7 Qc8 44. Qxd6 Kg6 45. Nc4 Qe8 46. Nxb6 Bb5 47. Qc5 Bxf1 48. d6 Qb5 49. Qxb5 Bxb5 50. d7 Ne2+ 51. Kf2 Bxd7 52. Nxd7 Nd4 53. Nc5 Kf7 54. Nd3 Ke7 55. Ke3 Kd6 56. Nf2 Nc2+ 57. Kd3 Nxb4+ 58. Kc4 Nc6 59. Ng4 Ke6 60. Kc5 Nd4 61. Ne3 Ne2 62. Kc6 Nf4 63. Kc7 Ke7 64. Nd5+ Ke6 65. Nxf4+ gxf4 66. Kd8 f5 67. Ke8 fxe4 68. fxe4 Kd6 69. Kf8 Kc5 70. Kg7 Kd4 71. Kg6 Kxe4 72. Kg5 Ke3 73. Kxh4 Kf2 74. Kg4 Kxg2 75. h4 f3 76. h5 f2 77. h6 f1Q 78. h7 Qf8 0-1

[Event "Titled Tuesday intern op 20th Sep Late"]
[Site "Chess.com INT"]
[Date "2022.09.20"]
[Round "5"]
[White "Runets, Ivan"]
[Black "Ovezdurdiyeva, Jemal"]
[Result "1-0"]
[WhiteElo "2176"]
[BlackElo "2061"]
[PlyCount "87"]
[EventDate "2022.09.20"]
[EventType "swiss (blitz)"]
[EventRounds "11"]
[EventCountry "USA"]
[SourceTitle "EXT 2023"]
[Source "ChessBase"]
[SourceDate "2022.10.05"]
[SourceVersion "1"]
[SourceVersionDate "2022.10.05"]
[SourceQuality "1"]

1. d4 Nf6 2. c4 e6 3. Nc3 b6 4. a3 Bb7 5. d5 c5 6. e4 exd5 7. exd5 Bd6 8. Bd3 h6 9. Qe2+ Qe7 10. Nb5 Kd8 11. Qxe7+ Bxe7 12. Bf4 d6 13. Bxd6 Re8 14. 0-0-0 a6 15. Bxe7+ Rxe7 16. Nd6 Kc7 17. Nxb7 Kxb7 18. Nf3 Nbd7 19. Rhe1 Rae8 20. Kd2 Ng4 21. Rxe7 Rxe7 22. Re1 Rxe1 23. Kxe1 Nge5 24. Nxe5 Nxe5 25. Be2 Kc7 26. f4 Ng6 27. g3 Kd6 28. Bh5 Nh8 29. Kd2 g6 30. Bd1 f6 31. Bc2 g5 32. Ke3 Nf7 33. Ke4 Ke7 34. Kf5 Nd6+ 35. Kg6 Nxc4 36. Kxh6 gxf4 37. gxf4 Nxb2 38. Kg7 Nc4 39. h4 Ne3 40. h5 Ng4 41. Bf5 Ne3 42. Be6 c4 43. h6 c3 44. h7 1-0

[Event "Titled Tuesday intern op 20th Sep Late"]
[Site "Chess.com INT"]
[Date "2022.09.20"]
[Round "3"]
[White "Runets, Ivan"]
[Black "Sailer, Mike L"]
[Result "1-0"]
[WhiteElo "2176"]
[BlackElo "2109"]
[PlyCount "81"]
[EventDate "2022.09.20"]
[EventType "swiss (blitz)"]
[EventRounds "11"]
[EventCountry "USA"]
[SourceTitle "EXT 2023"]
[Source "ChessBase"]
[SourceDate "2022.10.05"]
[SourceVersion "1"]
[SourceVersionDate "2022.10.05"]
[SourceQuality "1"]

1. d4 d5 2. c4 Bf5 3. Nc3 e6 4. cxd5 exd5 5. Qb3 Nc6 6. Be3 Nb4 7. Rc1 a5 8. a3 a4 9. Nxa4 Nc6 10. Nc3 Nf6 11. Nf3 Na5 12. Qa2 Be7 13. Bg5 c6 14. e3 0-0 15. Be2 b5 16. Ne5 Rc8 17. b4 Nc4 18. Nxc4 bxc4 19. 0-0 h6 20. Bh4 Ne4 21. Bxe7 Qxe7 22. Nxe4 Bxe4 23. Qd2 Ra8 24. Rc3 Rfd8 25. Bd1 Rd6 26. Bc2 Rg6 27. Bxe4 Qxe4 28. f3 Qf5 29. Kh1 h5 30. Ra1 h4 31. h3 Rg3 32. a4 Re8 33. a5 Re6 34. a6 Reg6 35. a7 Rxh3+ 36. Kg1 Rxg2+ 37. Qxg2 Rg3 38. a8Q+ Kh7 39. Qxg3 hxg3 40. Kg2 Qh5 41. Rh1 1-0

[Event "Titled Tuesday intern op 13th Sep Late"]
[Site "Chess.com INT"]
[Date "2022.09.13"]
[Round "6"]
[White "Aldokhin, Ivan"]
[Black "Runets, Ivan"]
[Result "1-0"]
[WhiteElo "2413"]
[BlackElo "2176"]
[PlyCount "79"]
[EventDate "2022.09.13"]
[EventType "swiss (blitz)"]
[EventRounds "11"]
[EventCountry "USA"]
[SourceTitle "EXT 2023"]
[Source "ChessBase"]
[SourceDate "2022.10.05"]
[SourceVersion "1"]
[SourceVersionDate "2022.10.05"]
[SourceQuality "1"]

1. e4 e5 2. Nf3 Nc6 3. Bb5 Nf6 4. 0-0 Nxe4 5. Re1 Nd6 6. Bxc6 dxc6 7. Nxe5 Be7 8. b3 0-0 9. Bb2 Bf6 10. Nc3 Bf5 11. Ne2 Re8 12. Ng3 Bg6 13. d3 Re6 14. f4 Qe7 15. Qf3 Re8 16. Re2 Bxe5 17. fxe5 Nc8 18. Rf1 Nb6 19. Qg4 Nd5 20. h4 h6 21. h5 Bh7 22. a3 Qc5+ 23. d4 Qe7 24. c4 Nb6 25. Ref2 Rf8 26. Bc1 Kh8 27. Nf5 Bxf5 28. Rxf5 c5 29. d5 Rxe5 30. Bb2 Nd7 31. Bxe5 Nxe5 32. Qe4 Re8 33. Rxe5 Qxe5 34. Qxe5 Rxe5 35. Rxf7 Re3 36. Rxc7 Rxb3 37. Rxc5 Rxa3 38. d6 Rd3 39. Rd5 Rxd5 40. cxd5 1-0

[Event "Titled Tuesday intern op 13th Sep Early"]
[Site "Chess.com INT"]
[Date "2022.09.13"]
[Round "9"]
[White "Runets, Ivan"]
[Black "Goncalves, Davi Sulzbacher"]
[Result "1-0"]
[WhiteElo "2176"]
[BlackElo "2282"]
[PlyCount "73"]
[EventDate "2022.09.13"]
[EventType "swiss (blitz)"]
[EventRounds "11"]
[EventCountry "USA"]
[SourceTitle "EXT 2023"]
[Source "ChessBase"]
[SourceDate "2022.10.05"]
[SourceVersion "1"]
[SourceVersionDate "2022.10.05"]
[SourceQuality "1"]

1. d4 e6 2. c4 f5 3. Nc3 Nf6 4. g3 Bb4 5. Bd2 Nc6 6. d5 Ne5 7. Qb3 a5 8. f4 Neg4 9. h3 Nh6 10. Bg2 Nh5 11. a3 Bc5 12. Na4 Ba7 13. 0-0-0 0-0 14. g4 Nf6 15. g5 b5 16. cxb5 Ne4 17. Bxe4 fxe4 18. gxh6 gxh6 19. dxe6 d5 20. e3 Bxe6 21. Ne2 Rf7 22. Nd4 Bxd4 23. exd4 Rb8 24. Nc5 Bc8 25. a4 c6 26. Rhg1+ Kf8 27. f5 Bxf5 28. Bxh6+ Ke7 29. Bg5+ Rf6 30. Bxf6+ Kxf6 31. Qg3 Bg6 32. Rdf1+ Kg7 33. Qe5+ Kh6 34. Ne6 Qh4 35. Qg7+ Kh5 36. Rf5+ Bxf5 37. Rg5+ 1-0

[Event "Titled Tuesday intern op 13th Sep Late"]
[Site "Chess.com INT"]
[Date "2022.09.13"]
[Round "1"]
[White "Runets, Ivan"]
[Black "Milikow, Yoav"]
[Result "1-0"]
[WhiteElo "2176"]
[BlackElo "2422"]
[PlyCount "79"]
[EventDate "2022.09.13"]
[EventType "swiss (blitz)"]
[EventRounds "11"]
[EventCountry "USA"]
[SourceTitle "EXT 2023"]
[Source "ChessBase"]
[SourceDate "2022.10.05"]
[SourceVersion "1"]
[SourceVersionDate "2022.10.05"]
[SourceQuality "1"]

1. d4 d5 2. c4 e6 3. Nc3 Nf6 4. Nf3 c5 5. cxd5 cxd4 6. Qxd4 exd5 7. Bg5 Be7 8. e3 Nc6 9. Bb5 0-0 10. Qa4 Be6 11. 0-0 Qb6 12. Rfd1 Rfd8 13. Nd4 Nxd4 14. Qxd4 h6 15. Qxb6 axb6 16. Bf4 Rac8 17. Rac1 Rc5 18. Be5 Ne4 19. Bd4 Rcc8 20. Bxb6 Rd6 21. Bd4 Ra8 22. a3 Ra5 23. Nxe4 dxe4 24. Bc4 Bg4 25. Rd2 Ra8 26. h3 Bh5 27. g4 Bg6 28. Rdc2 Rdd8 29. Bb3 h5 30. Rc7 Bg5 31. R1c5 Bf6 32. Bxf6 gxf6 33. gxh5 Bh7 34. Rxf7 Kh8 35. Rcc7 Bg8 36. Rg7 Bxb3 37. Rh7+ Kg8 38. Rcg7+ Kf8 39. h6 Bf7 40. Rxf7+ 1-0

[Event "Titled Tuesday intern op 13th Sep Late"]
[Site "Chess.com INT"]
[Date "2022.09.13"]
[Round "11"]
[White "Runets, Ivan"]
[Black "Prydun, Andriy"]
[Result "1-0"]
[WhiteElo "2176"]
[BlackElo "2134"]
[PlyCount "67"]
[EventDate "2022.09.13"]
[EventType "swiss (blitz)"]
[EventRounds "11"]
[EventCountry "USA"]
[SourceTitle "EXT 2023"]
[Source "ChessBase"]
[SourceDate "2022.10.05"]
[SourceVersion "1"]
[SourceVersionDate "2022.10.05"]
[SourceQuality "1"]

1. d4 d5 2. c4 c6 3. cxd5 cxd5 4. Nc3 Nf6 5. Bf4 Nc6 6. e3 Bg4 7. Nf3 Bxf3 8. Qxf3 e6 9. Bd3 Bd6 10. Bxd6 Qxd6 11. 0-0 0-0 12. Rac1 Rfc8 13. Qe2 Na5 14. b3 Rc6 15. Nb5 Qd7 16. Qb2 a6 17. Rxc6 Nxc6 18. Nc3 b5 19. Rc1 Rc8 20. a4 b4 21. Ne2 Qb7 22. h3 h6 23. Nf4 Ne7 24. Rc2 Ne4 25. Bxe4 dxe4 26. Qc1 a5 27. Rc5 Rc6 28. Qc4 Qb6 29. Kf1 e5 30. Rxc6 Nxc6 31. Nd5 Qb7 32. Qxc6 Qxc6 33. Ne7+ Kf8 34. Nxc6 1-0

[Event "Orsha op-A 20th"]
[Site "Orsha"]
[Date "2022.02.07"]
[Round "8"]
[White "Runets, Ivan"]
[Black "Yurasov, Matfey"]
[Result "1-0"]
[WhiteElo "2209"]
[BlackElo "1631"]
[PlyCount "113"]
[EventDate "2022.02.02"]
[EventType "swiss"]
[EventRounds "9"]
[EventCountry "BLR"]
[SourceTitle "EXT 2023"]
[Source "ChessBase"]
[SourceDate "2022.10.05"]
[SourceVersion "1"]
[SourceVersionDate "2022.10.05"]
[SourceQuality "1"]

1. d4 Nf6 2. c4 g6 3. Nc3 Bg7 4. e4 d6 5. h3 0-0 6. Be3 Nbd7 7. g4 e5 8. d5 Nb6 9. a4 a5 10. c5 Nbd7 11. cxd6 cxd6 12. Nge2 h5 13. Rg1 Nc5 14. f3 Bd7 15. Ng3 h4 16. Nh1 Nh7 17. Nb5 Bxb5 18. Bxb5 Ng5 19. Nf2 Qf6 20. Be2 Bh6 21. Ra3 Rfc8 22. Kf1 Na6 23. Kg2 Nb4 24. Rc3 Na2 25. Rxc8+ Rxc8 26. Qd2 Nb4 27. Rc1 Rxc1 28. Qxc1 Kh7 29. Qd2 Kg8 30. Nd1 Kh7 31. Nc3 Na6 32. Qe1 Nb4 33. Qxh4 Nc2 34. Bf2 Nd4 35. Qg3 Kg8 36. h4 Nh7 37. g5 Nxg5 38. hxg5 Bxg5 39. Bd1 Bf4 40. Qg4 Bc1 41. b3 Bb2 42. Ne2 Qe7 43. Bh4 Qc7 44. Nxd4 Qc1 45. f4 Bxd4 46. Bg3 Qe3 47. Qf3 Qg1+ 48. Kh3 exf4 49. Bxf4 Bc5 50. Be2 Kg7 51. e5 dxe5 52. Bxe5+ Kg8 53. d6 Bb6 54. Bc4 Kh7 55. Qxf7+ Kh6 56. Qf8+ Kh5 57. Be2+ 1-0

[Event "Orsha op-A 20th"]
[Site "Orsha"]
[Date "2022.02.05"]
[Round "6"]
[White "Runets, Ivan"]
[Black "Piatrenka, Ivan"]
[Result "1-0"]
[WhiteElo "2209"]
[BlackElo "1880"]
[PlyCount "65"]
[EventDate "2022.02.02"]
[EventType "swiss"]
[EventRounds "9"]
[EventCountry "BLR"]
[SourceTitle "EXT 2023"]
[Source "ChessBase"]
[SourceDate "2022.10.05"]
[SourceVersion "1"]
[SourceVersionDate "2022.10.05"]
[SourceQuality "1"]

1. d4 d5 2. c4 e6 3. Nc3 a6 4. cxd5 exd5 5. Nf3 Nf6 6. Bg5 Be6 7. e3 Bd6 8. Be2 Nbd7 9. 0-0 c6 10. Qc2 0-0 11. a3 Bg4 12. e4 dxe4 13. Nxe4 Be7 14. Ng3 h6 15. Bd2 Re8 16. h3 Be6 17. Rfe1 Nd5 18. Rad1 Rc8 19. b4 Qc7 20. Bc4 Bf8 21. Ba2 b6 22. Bb1 g6 23. Qd3 c5 24. dxc5 bxc5 25. Rxe6 Rxe6 26. Qxd5 c4 27. Rc1 Nb6 28. Qa5 Qd7 29. Ba2 Rd6 30. Ne4 Re6 31. Nc5 Bxc5 32. bxc5 Na4 33. Rxc4 1-0

[Event "BLR-ch 88th"]
[Site "Minsk"]
[Date "2022.01.15"]
[Round "7"]
[White "Runets, Ivan"]
[Black "Aleksandrov, Aleksej"]
[Result "0-1"]
[WhiteElo "2249"]
[BlackElo "2502"]
[PlyCount "55"]
[EventDate "2022.01.09"]
[EventType "tourn"]
[EventRounds "11"]
[EventCountry "BLR"]
[EventCategory "6"]
[SourceTitle "CBM 206 Extra"]
[Source "ChessBase"]
[SourceDate "2022.03.31"]
[SourceVersion "1"]
[SourceVersionDate "2022.03.31"]
[SourceQuality "1"]

1. d4 d5 2. Nf3 Nf6 3. c4 e6 4. Nc3 a6 5. cxd5 exd5 6. Bg5 c6 7. Qc2 Be6 8. e3 Bd6 9. Bd3 Nbd7 10. 0-0 Qb8 11. e4 dxe4 12. Nxe4 Nxe4 13. Bxe4 h6 14. Bh4 0-0 15. Bh7+ Kh8 16. Bf5 Bxf5 17. Qxf5 Qc8 18. Rfe1 Nb6 19. Qh5 Nd5 20. Ne5 Kg8 21. Bg3 Qc7 22. Re2 f5 23. Ng6 Rf6 24. Be5 Bxe5 25. Nxe5 Nf4 26. Qf3 Nxe2+ 27. Qxe2 Rd8 28. Qc4+ 0-1

[Event "BLR-ch 88th"]
[Site "Minsk"]
[Date "2022.01.12"]
[Round "4"]
[White "Tsaruk, Maksim"]
[Black "Runets, Ivan"]
[Result "1-0"]
[WhiteElo "2347"]
[BlackElo "2249"]
[PlyCount "101"]
[EventDate "2022.01.09"]
[EventType "tourn"]
[EventRounds "11"]
[EventCountry "BLR"]
[EventCategory "6"]
[SourceTitle "CBM 206 Extra"]
[Source "ChessBase"]
[SourceDate "2022.03.31"]
[SourceVersion "1"]
[SourceVersionDate "2022.03.31"]
[SourceQuality "1"]

1. e4 e5 2. Nf3 Nc6 3. Bb5 a6 4. Ba4 Nf6 5. 0-0 Be7 6. Re1 b5 7. Bb3 d6 8. c3 0-0 9. h3 Nb8 10. d4 Nbd7 11. Nbd2 c5 12. Nf1 Re8 13. Ng3 Bf8 14. Bc2 Bb7 15. d5 g6 16. Bg5 c4 17. Qd2 Nc5 18. b4 cxb3 19. axb3 Bg7 20. b4 Ncd7 21. Bh6 Bxh6 22. Qxh6 Nb6 23. Bd3 Qe7 24. Nd2 Rec8 25. Rec1 Nfd7 26. Rc2 Na4 27. Rac1 Ndb6 28. Ngf1 Rc7 29. Ne3 Bc8 30. c4 bxc4 31. Ndxc4 Nxc4 32. Nxc4 Bd7 33. Na5 Rxc2 34. Rxc2 Qf8 35. Qc1 Qb8 36. Nc6 Bxc6 37. dxc6 Nb6 38. c7 Qb7 39. Qg5 Kg7 40. Qd8 Nc8 41. Kh2 a5 42. bxa5 Qb3 43. Rd2 Qc3 44. Rd1 Qxa5 45. Be2 h5 46. Bc4 Qa4 47. Bd5 Qxd1 48. Qd7 Ne7 49. Qxe7 Rc8 50. Qxf7+ Kh6 51. Be6 1-0